[Event "POL-chT 2nd League"]
[Site "Jastrzebia Gora"]
[Date "2022.09.03"]
[Round "1.24"]
[White "Gonsior, Monika"]
[Black "Goraj, Barbara"]
[Result "1/2-1/2"]
[WhiteElo "1941"]
[BlackElo "2121"]
[PlyCount "79"]
[EventDate "2022.09.03"]
[EventType "team-swiss"]
[EventRounds "9"]
[EventCountry "POL"]
[SourceTitle "CBM 210 Extra"]
[Source "ChessBase"]
[SourceDate "2022.11.30"]
[SourceVersion "1"]
[SourceVersionDate "2022.11.30"]
[SourceQuality "1"]
[WhiteTeam "Zory Roszada"]
[BlackTeam "Grudziadz Rotmistrz"]
[WhiteTeamCountry "POL"]
[BlackTeamCountry "POL"]

1. e4 c5 2. Nf3 Nc6 3. d4 cxd4 4. Nxd4 Nf6 5. Nxc6 bxc6 6. Bd3 g6 7. 0-0 d6 8. c4 Bg7 9. Nc3 0-0 10. h3 Rb8 11. Rb1 Nd7 12. Bd2 Ne5 13. Be2 Be6 14. b3 f5 15. f4 Nd7 16. Bf3 fxe4 17. Nxe4 Bf5 18. g4 Bxe4 19. Bxe4 e5 20. f5 d5 21. cxd5 Nc5 22. Bg2 cxd5 23. b4 Na6 24. Qb3 Nc7 25. Be3 a5 26. Bc5 Rf7 27. fxg6 Rxf1+ 28. Rxf1 hxg6 29. Rd1 Kh7 30. Bxd5 Nxd5 31. Rxd5 Qc7 32. b5 e4 33. Qe3 Rxb5 34. Rh5+ gxh5 35. Qxe4+ Kh8 36. Qe8+ Kh7 37. Qe4+ Kg8 38. Qe8+ Kh7 39. Qe4+ Kg8 40. Qe8+ 1/2-1/2

[Event "POL-chT 2nd League"]
[Site "Sypniewo"]
[Date "2021.09.11"]
[Round "8.4"]
[White "Gonsior, Monika"]
[Black "Cyboran, Katarzyna"]
[Result "1/2-1/2"]
[WhiteElo "1971"]
[BlackElo "1773"]
[PlyCount "125"]
[EventDate "2021.09.04"]
[EventType "team-swiss"]
[EventRounds "9"]
[EventCountry "POL"]
[SourceTitle "CBM 204 Extra"]
[Source "ChessBase"]
[SourceDate "2021.11.30"]
[SourceVersion "1"]
[SourceVersionDate "2021.11.30"]
[SourceQuality "1"]
[WhiteTeam "Zory Roszada"]
[BlackTeam "Chroscice Victoria"]
[WhiteTeamCountry "POL"]
[BlackTeamCountry "POL"]

1. e4 e6 2. d4 d5 3. Nc3 Bb4 4. exd5 exd5 5. Bd3 Nf6 6. Bg5 0-0 7. Nge2 h6 8. Bh4 c6 9. 0-0 Bd6 10. f4 b5 11. a3 Nbd7 12. Kh1 Qb6 13. Ng3 Re8 14. Rf3 a5 15. Nce2 b4 16. axb4 Qxb4 17. c3 Qb6 18. Qc2 Ba6 19. Nf5 Bxd3 20. Rxd3 Bf8 21. Ng1 Rab8 22. Rd2 Ne4 23. Re2 Qc7 24. Rf1 Nb6 25. Ne3 Bd6 26. Nh3 Be7 27. Be1 Nd6 28. Ng4 Nbc4 29. b3 Na3 30. Qa2 Ne4 31. f5 Nb5 32. Rxe4 dxe4 33. f6 h5 34. fxe7 hxg4 35. Bg3 Qxe7 36. Bxb8 gxh3 37. Be5 f6 38. Bf4 Nxc3 39. Qc2 Nd5 40. gxh3 e3 41. Bg3 Qe4+ 42. Qg2 Qxd4 43. Be1 e2 44. Rg1 f5 45. Bxa5 Re6 46. Bd2 g6 47. Qg5 Qe4+ 48. Qg2 Qd3 49. Qg5 Qe4+ 50. Qg2 Qe5 51. Qf3 Ne3 52. Bxe3 Qxe3 53. Rxg6+ Kf7 54. Qxf5+ Ke7 55. Rg7+ Kd6 56. Qf8+ Kd5 57. Rd7+ Ke5 58. Qh8+ Ke4 59. Qh7+ Ke5 60. Qh5+ Ke4 61. Qg4+ Ke5 62. Qh5+ Ke4 63. Qg4+ 1/2-1/2

[Event "POL-chT 2nd League"]
[Site "Poronin"]
[Date "2020.09.05"]
[Round "1.14"]
[White "Wisniewski, Michal"]
[Black "Gonsior, Monika"]
[Result "1-0"]
[WhiteElo "2140"]
[BlackElo "2001"]
[PlyCount "65"]
[EventDate "2020.09.05"]
[EventType "team-swiss"]
[EventRounds "9"]
[EventCountry "POL"]
[SourceTitle "CBM 198 Extra"]
[Source "ChessBase"]
[SourceDate "2020.11.30"]
[SourceVersion "1"]
[SourceVersionDate "2020.11.30"]
[SourceQuality "1"]
[WhiteTeam "Strzelce Opolskie Strzelec"]
[BlackTeam "Zory Roszada"]
[WhiteTeamCountry "POL"]
[BlackTeamCountry "POL"]

1. Nf3 e6 2. c4 d5 3. g3 c6 4. b3 Be7 5. Bb2 Bf6 6. d4 Qb6 7. Nbd2 a5 8. Bc3 c5 9. cxd5 cxd4 10. Nc4 Qc5 11. Bxd4 Qb4+ 12. Qd2 Qxd2+ 13. Kxd2 Ra6 14. e4 Bxd4 15. Nxd4 Bd7 16. Ne5 Rd6 17. Nb5 Bxb5 18. Bxb5+ Ke7 19. Rac1 Nh6 20. Rc7+ Kf6 21. Nc4 Rdd8 22. e5+ Kg6 23. Nd6 f6 24. Bd3+ f5 25. dxe6 Nc6 26. f4 Rhe8 27. Nxe8 Rxe8 28. Bc4 Ng4 29. Rxb7 Nf2 30. Rc1 Ne4+ 31. Ke3 Nd8 32. Rb8 Nc5 33. e7 1-0

[Event "EU-ch rapid"]
[Site "Katowice"]
[Date "2017.12.16"]
[Round "4"]
[White "Gonsior, Monika"]
[Black "Aleksandrov, Aleksej"]
[Result "0-1"]
[WhiteElo "2004"]
[BlackElo "2589"]
[PlyCount "74"]
[EventDate "2017.12.16"]
[EventType "swiss (rapid)"]
[EventRounds "11"]
[EventCountry "POL"]
[SourceTitle "CBM 182 Extra"]
[Source "ChessBase"]
[SourceDate "2018.02.23"]
[SourceVersion "1"]
[SourceVersionDate "2018.02.23"]
[SourceQuality "1"]

1. e4 e5 2. Nc3 Nf6 3. Bc4 Nxe4 4. Qh5 Nd6 5. Bb3 Be7 6. Qxe5 0-0 7. Nge2 Nc6 8. Qf4 Bg5 9. Qf3 Na5 10. 0-0 Ndc4 11. d3 Nxb3 12. axb3 Nd2 13. Bxd2 Bxd2 14. Ne4 Bh6 15. N2g3 d5 16. Nc3 c6 17. Nf5 Bg5 18. Rfe1 g6 19. Nd4 Bd7 20. b4 Qb6 21. Nce2 Qxb4 22. c3 Qd6 23. b4 Rfe8 24. Ng3 Rxe1+ 25. Rxe1 Bd2 26. Re2 Bxc3 27. Nc2 Bg7 28. Qe3 b6 29. d4 h5 30. Qa3 a5 31. Re3 h4 32. Ne2 Bf5 33. bxa5 Qxa3 34. Nxa3 Rxa5 35. Rb3 Bf8 36. Nb1 Ra1 37. Nec3 b5 0-1

[Event "POL-chT 2nd League"]
[Site "Szklarska Poreba"]
[Date "2017.09.09"]
[Round "8.14"]
[White "Gonsior, Monika"]
[Black "Wierzbowska, Aleksandra"]
[Result "1-0"]
[WhiteElo "1974"]
[BlackElo "1694"]
[PlyCount "53"]
[EventDate "2017.09.02"]
[EventType "team-swiss"]
[EventRounds "9"]
[EventCountry "POL"]
[SourceTitle "CBM 180 Extra"]
[Source "ChessBase"]
[SourceDate "2017.10.06"]
[SourceVersion "1"]
[SourceVersionDate "2017.10.06"]
[SourceQuality "1"]
[WhiteTeam "Roszada Zory"]
[BlackTeam "Ostroda Ostrodzianka"]
[WhiteTeamCountry "POL"]
[BlackTeamCountry "POL"]

1. e4 c5 2. Nf3 Nc6 3. d4 cxd4 4. Nxd4 e5 5. Nxc6 bxc6 6. c4 Nf6 7. Nc3 Bb4 8. Bd3 0-0 9. Bg5 d6 10. 0-0 h6 11. Bh4 Bc5 12. Kh1 Rb8 13. Rb1 Bd4 14. Qc2 g5 15. Bg3 Nh5 16. Ne2 Nxg3+ 17. Nxg3 Qf6 18. b4 Qg6 19. Nf5 Bxf5 20. exf5 Qf6 21. Be4 Rfc8 22. Qb3 Qd8 23. Qf3 Rb6 24. f6 Kh8 25. Qf5 Qg8 26. Rb3 g4 27. Rg3 1-0

[Event "POL-chT 2nd League"]
[Site "Szklarska Poreba"]
[Date "2017.09.03"]
[Round "2.11"]
[White "Dziodzio, Angelika"]
[Black "Gonsior, Monika"]
[Result "1-0"]
[WhiteElo "2108"]
[BlackElo "1974"]
[PlyCount "107"]
[EventDate "2017.09.02"]
[EventType "team-swiss"]
[EventRounds "9"]
[EventCountry "POL"]
[SourceTitle "CBM 180 Extra"]
[Source "ChessBase"]
[SourceDate "2017.10.06"]
[SourceVersion "1"]
[SourceVersionDate "2017.10.06"]
[SourceQuality "1"]
[WhiteTeam "Nowy Sacz Sandecja"]
[BlackTeam "Roszada Zory"]
[WhiteTeamCountry "POL"]
[BlackTeamCountry "POL"]

1. c4 e6 2. Nf3 b6 3. Nc3 Bb7 4. e3 Nf6 5. b3 d5 6. Bb2 Nbd7 7. d4 Ne4 8. a3 a6 9. Bd3 Ndf6 10. 0-0 Bd6 11. Qe2 0-0 12. h3 Qe7 13. b4 dxc4 14. Bxc4 Nxc3 15. Bxc3 Ne4 16. Bb2 a5 17. b5 Rad8 18. Rfd1 Bd5 19. Bxd5 exd5 20. Ne5 Qh4 21. Rac1 Rfe8 22. Rc2 Re6 23. Qg4 Qh6 24. Qf4 Qxf4 25. exf4 g6 26. f3 Ng3 27. Kf2 Nh5 28. g3 Rde8 29. h4 h6 30. Bc1 Kg7 31. g4 Nf6 32. Rg1 Ng8 33. f5 R6e7 34. g5 hxg5 35. Rxg5 Kf8 36. fxg6 f6 37. Rf5 Kg7 38. Nf7 Kxg6 39. Nxd6 cxd6 40. Rxd5 Rh7 41. h5+ Kf7 42. Rc7+ Re7 43. Rc6 Re6 44. Rxb6 Ne7 45. Rdxd6 Rxd6 46. Rxd6 Rxh5 47. b6 Rh2+ 48. Ke1 Rc2 49. Kd1 Rc8 50. d5 Rc5 51. Be3 Rb5 52. a4 Nf5 53. Rxf6+ Kxf6 54. axb5 1-0

[Event "Katowice POL-HUN 5th"]
[Site "Katowice"]
[Date "2017.05.20"]
[Round "5"]
[White "Gonsior, Monika"]
[Black "Barski, Radoslaw"]
[Result "0-1"]
[WhiteElo "1977"]
[BlackElo "2412"]
[PlyCount "98"]
[EventDate "2017.05.20"]
[EventType "swiss (rapid)"]
[EventRounds "9"]
[EventCountry "POL"]
[SourceTitle "CBM 178 Extra"]
[Source "ChessBase"]
[SourceDate "2017.06.22"]
[SourceVersion "1"]
[SourceVersionDate "2017.06.22"]
[SourceQuality "1"]

1. e4 c5 2. Nf3 d6 3. d4 cxd4 4. Qxd4 Bd7 5. c4 Nc6 6. Qd1 g6 7. Nc3 Bg7 8. Be2 Nf6 9. 0-0 0-0 10. h3 a5 11. Be3 Qb8 12. Nd2 Be8 13. Rb1 Nd7 14. Nd5 a4 15. Bg5 f6 16. Be3 Qd8 17. b4 e6 18. Nf4 Qe7 19. Qc2 f5 20. c5 Bf7 21. exf5 gxf5 22. Bc4 d5 23. Bb5 d4 24. Nd5 exd5 25. Bf4 Qf6 26. Bd3 Bg6 27. b5 Nce5 28. c6 bxc6 29. b6 Rfb8 30. Rfe1 Nxd3 31. Qxd3 Rxb6 32. Rxb6 Nxb6 33. Be5 Qe7 34. Qxd4 c5 35. Qb2 Nd7 36. Nf3 Nxe5 37. Nxe5 Re8 38. f4 Bxe5 39. Rxe5 Qf7 40. Qc3 Rxe5 41. fxe5 Qe7 42. e6 Qxe6 43. Qxc5 f4 44. Qb4 Qe4 45. Qb8+ Kg7 46. Qc7+ Bf7 47. Qd8 Qe3+ 48. Kh2 Qg3+ 49. Kg1 f3 0-1

[Event "Katowice POL-HUN 5th"]
[Site "Katowice"]
[Date "2017.05.20"]
[Round "3"]
[White "Gonsior, Monika"]
[Black "Tworzydlo, Piotr"]
[Result "0-1"]
[WhiteElo "1977"]
[BlackElo "2165"]
[PlyCount "112"]
[EventDate "2017.05.20"]
[EventType "swiss (rapid)"]
[EventRounds "9"]
[EventCountry "POL"]
[SourceTitle "CBM 178 Extra"]
[Source "ChessBase"]
[SourceDate "2017.06.22"]
[SourceVersion "1"]
[SourceVersionDate "2017.06.22"]
[SourceQuality "1"]

1. e4 d6 2. d4 Nf6 3. Bd3 g6 4. Ne2 Bg7 5. 0-0 0-0 6. c4 Nc6 7. Nbc3 Nb4 8. Bb1 c5 9. d5 Rb8 10. Bd2 Bd7 11. Nb5 Ng4 12. Qb3 a6 13. Nbc3 b5 14. a3 bxc4 15. Qxc4 Ne5 16. Qb3 Nbd3 17. Qd1 Nxb2 18. Qc2 Nbc4 19. f4 Ng4 20. Rf3 Rb2 21. Qc1 Rxd2 22. h3 Nf6 23. Ba2 Rxa2 24. Rxa2 Ne8 25. Nd1 Nb6 26. g4 Nc7 27. Ne3 Nb5 28. Rg3 Nd4 29. Nc3 Na4 30. Ncd1 Qa5 31. Kh2 Rb8 32. Nc4 Qb5 33. Nde3 Qb1 34. Qxb1 Rxb1 35. e5 Nc3 36. Rb2 Rxb2+ 37. Nxb2 dxe5 38. Nec4 Nce2 39. Re3 Nxf4 40. Nb6 Be8 41. Kg3 h5 42. N2c4 h4+ 43. Kf2 f6 44. d6 exd6 45. Nxd6 Bc6 46. Nbc8 Bf8 47. Rc3 Bd7 48. Kf1 Nfe6 49. Rc1 Bb5+ 50. Kf2 Nf4 51. Ke3 Nxh3 52. Rxc5 Nf4 53. Rc1 Bd7 54. Nb6 Bxg4 55. Ne4 Nh5 56. Nd5 Bh6+ 0-1

[Event "POL-chT 2nd League"]
[Site "Jastrzebia Gora"]
[Date "2015.09.12"]
[Round "8.66"]
[White "Gonsior, Monika"]
[Black "Miturova, Magdalena"]
[Result "0-1"]
[WhiteElo "1952"]
[BlackElo "2173"]
[PlyCount "58"]
[EventDate "2015.09.05"]
[EventType "team-swiss"]
[EventRounds "9"]
[EventCountry "POL"]
[SourceTitle "EXT 2017"]
[Source "ChessBase"]
[SourceDate "2016.10.25"]
[SourceVersion "1"]
[SourceVersionDate "2016.10.25"]
[SourceQuality "1"]
[WhiteTeam "Czerwionka Leszczyny Skoczek"]
[BlackTeam "Konin UKS Smecz"]
[WhiteTeamCountry "POL"]
[BlackTeamCountry "POL"]

1. e4 e5 2. Nc3 Nf6 3. g3 d5 4. Bg2 dxe4 5. Nxe4 Nxe4 6. Bxe4 Bc5 7. c3 f5 8. Bg2 Nc6 9. Qe2 Qe7 10. b4 Bd6 11. Qc4 e4 12. Nh3 Ne5 13. Qe2 Nd3+ 14. Kf1 Be6 15. Qd1 0-0 16. Kg1 Rae8 17. Qh5 Rf6 18. Qg5 f4 19. Qh4 Bxh3 20. Qxh3 Bc5 21. Qh5 Bxf2+ 22. Kf1 fxg3 23. Qd5+ Kh8 24. Qc4 Bb6+ 25. Ke2 Rf2+ 26. Kd1 Rxg2 27. Kc2 Rxh2 28. Ba3 Rxh1 29. Rxh1 g2 0-1

[Event "POL-chT 2nd League"]
[Site "Jastrzebia Gora"]
[Date "2015.09.09"]
[Round "5.18"]
[White "Weglarz, Joanna"]
[Black "Gonsior, Monika"]
[Result "0-1"]
[WhiteElo "2004"]
[BlackElo "1952"]
[PlyCount "82"]
[EventDate "2015.09.05"]
[EventType "team-swiss"]
[EventRounds "9"]
[EventCountry "POL"]
[SourceTitle "EXT 2017"]
[Source "ChessBase"]
[SourceDate "2016.10.25"]
[SourceVersion "1"]
[SourceVersionDate "2016.10.25"]
[SourceQuality "1"]
[WhiteTeam "Znin Baszta II"]
[BlackTeam "Czerwionka Leszczyny Skoczek"]
[WhiteTeamCountry "POL"]
[BlackTeamCountry "POL"]

1. d4 e6 2. e4 b6 3. Bd3 Bb7 4. Nf3 d6 5. 0-0 Nd7 6. Qe2 Ngf6 7. Rd1 Qc8 8. Nbd2 Be7 9. Nf1 c5 10. c3 c4 11. Bc2 0-0 12. Ng3 Re8 13. Bd2 b5 14. a4 a6 15. b4 Bc6 16. a5 Qb7 17. Re1 Nf8 18. h3 Ng6 19. Nh2 e5 20. d5 Bd7 21. Qf3 Nh4 22. Qe2 Ng6 23. Nhf1 Qc8 24. Ne3 Nf4 25. Qf3 g6 26. Ne2 N6h5 27. Nf1 Bg5 28. Nxf4 Nxf4 29. Be3 h5 30. Ng3 Kg7 31. Bxf4 exf4 32. Nxh5+ gxh5 33. Qxh5 Qd8 34. e5 Rh8 35. Qf3 dxe5 36. Rxe5 Qf6 37. Rae1 Rae8 38. R5e4 Rxe4 39. Bxe4 Re8 40. Rd1 Qe5 41. Rd4 f5 0-1

[Event "POL-chT 2nd League"]
[Site "Szczyrk"]
[Date "2014.09.12"]
[Round "7.6"]
[White "Gonsior, Monika"]
[Black "Zmarzly, Aleksandra"]
[Result "1-0"]
[WhiteElo "1992"]
[BlackElo "1990"]
[PlyCount "101"]
[EventDate "2014.09.06"]
[EventType "team-swiss"]
[EventRounds "9"]
[EventCountry "POL"]
[SourceTitle "EXT 2015"]
[Source "ChessBase"]
[SourceDate "2014.11.20"]
[SourceVersion "1"]
[SourceVersionDate "2014.11.20"]
[SourceQuality "1"]
[WhiteTeam "Czerwionka Leszczyny Skoczek"]
[BlackTeam "Wisznia Mala OKSiR"]
[WhiteTeamCountry "POL"]
[BlackTeamCountry "POL"]

1. e4 c5 2. Nf3 d6 3. d4 Nf6 4. Nc3 cxd4 5. Nxd4 a6 6. a4 e6 7. Bd3 Nc6 8. Nxc6 bxc6 9. 0-0 e5 10. h3 Be7 11. Kh1 Be6 12. Qe2 Qc8 13. f4 exf4 14. Bxf4 Nd7 15. Qf2 g5 16. Bh2 h5 17. Ne2 c5 18. Ng3 Ne5 19. Be2 g4 20. Nf5 Bxf5 21. Bxe5 dxe5 22. Qxf5 Qxf5 23. Rxf5 f6 24. Rd1 Ra7 25. Kg1 gxh3 26. Rxh5 Rxh5 27. Bxh5+ Kf8 28. gxh3 Rb7 29. b3 a5 30. Be2 Kg7 31. Kf2 Kh6 32. Kg3 Kg6 33. Kg4 Bf8 34. Rd8 Bh6 35. Rc8 Be3 36. h4 Rh7 37. Bc4 Bd4 38. Be6 Rg7 39. Rh8 Re7 40. Bd5 Bc3 41. h5+ Kg7 42. Rc8 Bd4 43. Kf5 Rd7 44. Be6 Re7 45. Rg8+ Kh7 46. Rg6 Rc7 47. Kxf6 Rc6 48. Rg3 Rb6 49. c3 Bf2 50. Rf3 Bh4+ 51. Kxe5 1-0

[Event "POL-chT 2nd League"]
[Site "Szczyrk"]
[Date "2014.09.07"]
[Round "2.24"]
[White "Gonsior, Monika"]
[Black "Starczewska, Malgorzata"]
[Result "1-0"]
[WhiteElo "1992"]
[BlackElo "1781"]
[PlyCount "81"]
[EventDate "2014.09.06"]
[EventType "team-swiss"]
[EventRounds "9"]
[EventCountry "POL"]
[SourceTitle "EXT 2015"]
[Source "ChessBase"]
[SourceDate "2014.11.20"]
[SourceVersion "1"]
[SourceVersionDate "2014.11.20"]
[SourceQuality "1"]
[WhiteTeam "Czerwionka Leszczyny Skoczek"]
[BlackTeam "Zielonka Zieloni"]
[WhiteTeamCountry "POL"]
[BlackTeamCountry "POL"]

1. e4 d5 2. exd5 Qxd5 3. Nc3 Qa5 4. Nf3 Bg4 5. Be2 Nf6 6. 0-0 Nc6 7. d3 0-0-0 8. Ng5 Ne5 9. Bf4 Rd4 10. Bxe5 Qxe5 11. Nxf7 Qf4 12. Nxh8 e6 13. Qc1 Qe5 14. Qe3 Qh5 15. Bxg4 Rxg4 16. Qxe6+ Kb8 17. Ne4 Nxe4 18. dxe4 a6 19. Qf5 Qh3 20. Qxf8+ Ka7 21. Qc5+ Kb8 22. g3 b6 23. Qf8+ Kb7 24. Qf3 Rg5 25. Qg2 Qe6 26. f4 Rb5 27. e5+ Ka7 28. c4 Qxc4 29. Rac1 Qd4+ 30. Qf2 Qd7 31. Rfd1 Qe7 32. Qd4 a5 33. a4 Rb4 34. Rc4 g5 35. Rxb4 axb4 36. a5 gxf4 37. axb6+ cxb6 38. Qd7+ Qxd7 39. Rxd7+ Ka6 40. gxf4 Kb5 41. e6 1-0

[Event "POL-chT 2nd League"]
[Site "Lazy"]
[Date "2012.09.06"]
[Round "6"]
[White "Gonsior, Monika"]
[Black "Cherednichenko, Elena"]
[Result "0-1"]
[WhiteElo "2028"]
[BlackElo "2160"]
[PlyCount "90"]
[EventDate "2012.09.01"]
[EventType "team-swiss"]
[EventRounds "9"]
[EventCountry "POL"]
[SourceTitle "EXT 2019"]
[Source "ChessBase"]
[SourceDate "2018.10.10"]
[SourceVersion "1"]
[SourceVersionDate "2018.10.10"]
[SourceQuality "1"]
[WhiteTeam "Czerwionka Gornik 23"]
[BlackTeam "Raciborz Silesia"]
[WhiteTeamCountry "POL"]
[BlackTeamCountry "POL"]

1. e4 e5 2. Nc3 Nc6 3. Bc4 Nf6 4. d3 Na5 5. Nge2 d6 6. h3 Be7 7. Be3 Nxc4 8. dxc4 Be6 9. Qd3 0-0 10. g4 c6 11. 0-0-0 Qa5 12. Ng3 Rfd8 13. Nf5 Bxf5 14. gxf5 d5 15. exd5 cxd5 16. Bd2 dxc4 17. Qxc4 Qc5 18. Qe2 e4 19. f3 Qxf5 20. fxe4 Qh5 21. Qg2 Rac8 22. Rhg1 g6 23. Rdf1 Qc5 24. Bg5 Ne8 25. Bxe7 Qxe7 26. Nd5 Qe6 27. Qg5 f6 28. Nxf6+ Nxf6 29. Qxf6 Rxc2+ 30. Kxc2 Qxe4+ 31. Kb3 Rd3+ 32. Qc3 Qd5+ 33. Kc2 Rxc3+ 34. Kxc3 Qxa2 35. h4 Qa5+ 36. b4 Qe5+ 37. Kb3 Qe3+ 38. Ka4 Qe8+ 39. Ka3 Qe5 40. Kb3 Qd5+ 41. Kc3 b5 42. Rg4 Qe5+ 43. Rd4 Qg3+ 44. Rd3 Qxh4 45. Rfd1 Qc4+ 0-1

[Event "Rewal op-B 16th"]
[Site "Rewal"]
[Date "2011.08.28"]
[Round "9"]
[White "Gonsior, Monika"]
[Black "Borawski, Jakub"]
[Result "1-0"]
[WhiteElo "2059"]
[BlackElo "1897"]
[PlyCount "41"]
[EventDate "2011.08.18"]
[EventType "swiss"]
[EventRounds "9"]
[EventCountry "POL"]
[SourceTitle "CBM 144 Extra"]
[Source "ChessBase"]
[SourceDate "2011.10.28"]
[SourceVersion "1"]
[SourceVersionDate "2011.10.28"]
[SourceQuality "1"]

1. e4 e5 2. Nc3 Nf6 3. Bc4 Nc6 4. d3 Na5 5. Nge2 Nxc4 6. dxc4 Bc5 7. 0-0 Ng4 8. h3 h5 9. Qd3 Nxf2 10. Rxf2 Bxf2+ 11. Kxf2 d6 12. Kg1 Be6 13. c5 0-0 14. cxd6 cxd6 15. Ng3 g6 16. Bh6 Qb6+ 17. Kh2 h4 18. Nf5 Bxf5 19. exf5 Kh7 20. Bxf8 Rxf8 21. Rf1 1-0

[Event "Rewal op-B 16th"]
[Site "Rewal"]
[Date "2011.08.27"]
[Round "8"]
[White "Luka, Krzysztof"]
[Black "Gonsior, Monika"]
[Result "1-0"]
[WhiteElo "1873"]
[BlackElo "2059"]
[PlyCount "71"]
[EventDate "2011.08.18"]
[EventType "swiss"]
[EventRounds "9"]
[EventCountry "POL"]
[SourceTitle "CBM 144 Extra"]
[Source "ChessBase"]
[SourceDate "2011.10.28"]
[SourceVersion "1"]
[SourceVersionDate "2011.10.28"]
[SourceQuality "1"]

1. d4 f5 2. c4 Nf6 3. Nc3 g6 4. h4 Bg7 5. h5 d6 6. h6 Bf8 7. Nf3 c6 8. Bg5 Ne4 9. Nxe4 fxe4 10. Nd2 Qa5 11. Be3 Nd7 12. a3 Nf6 13. b4 Qc7 14. f3 d5 15. cxd5 Nxd5 16. Qb3 Nf6 17. Bf2 Qf4 18. e3 Qd6 19. fxe4 Ng4 20. Bc4 Qf6 21. Bh4 g5 22. Rf1 Qxh6 23. Bf7+ Kd8 24. Bg3 Bg7 25. Rc1 e5 26. d5 Bd7 27. dxc6 bxc6 28. Nc4 Nh2 29. Rf5 Bxf5 30. exf5 Ke7 31. Na5 Rac8 32. Bg6 Nf3+ 33. Kf2 hxg6 34. Qe6+ Kd8 35. Rd1+ Nd4 36. Rxd4+ 1-0

[Event "Rewal op-B 16th"]
[Site "Rewal"]
[Date "2011.08.25"]
[Round "6"]
[White "Radzicki, Wieslaw"]
[Black "Gonsior, Monika"]
[Result "1/2-1/2"]
[WhiteElo "1820"]
[BlackElo "2059"]
[PlyCount "76"]
[EventDate "2011.08.18"]
[EventType "swiss"]
[EventRounds "9"]
[EventCountry "POL"]
[SourceTitle "CBM 144 Extra"]
[Source "ChessBase"]
[SourceDate "2011.10.28"]
[SourceVersion "1"]
[SourceVersionDate "2011.10.28"]
[SourceQuality "1"]

1. d4 e6 2. c4 d5 3. Nf3 c6 4. e3 Bd6 5. b3 Nf6 6. Bd3 Ne4 7. Bb2 f5 8. Nbd2 Nd7 9. Ne5 Qf6 10. Ndf3 Bb4+ 11. Kf1 0-0 12. c5 g5 13. a3 Ba5 14. Nxd7 Bxd7 15. Ne5 Be8 16. f3 Qh6 17. b4 Bc7 18. Kg1 g4 19. f4 Nf6 20. g3 Qg7 21. a4 a6 22. Qe2 h5 23. Kg2 Bd7 24. Bc3 Rfb8 25. h3 Bxe5 26. dxe5 Nh7 27. hxg4 hxg4 28. Rh4 Be8 29. Qb2 Qe7 30. Rah1 Bg6 31. Qe2 Qg7 32. Ra1 Nf8 33. Qc2 Nd7 34. a5 Kf8 35. Rah1 Ke7 36. Kg1 Rh8 37. Qh2 Rxh4 38. Qxh4+ Kf7 1/2-1/2

[Event "Rewal op-B 16th"]
[Site "Rewal"]
[Date "2011.08.22"]
[Round "3"]
[White "Gonsior, Monika"]
[Black "Zielinski, Olgierd"]
[Result "1-0"]
[WhiteElo "2059"]
[BlackElo "1943"]
[PlyCount "83"]
[EventDate "2011.08.18"]
[EventType "swiss"]
[EventRounds "9"]
[EventCountry "POL"]
[SourceTitle "CBM 144 Extra"]
[Source "ChessBase"]
[SourceDate "2011.10.28"]
[SourceVersion "1"]
[SourceVersionDate "2011.10.28"]
[SourceQuality "1"]

1. e4 c5 2. Nf3 e6 3. d4 cxd4 4. Nxd4 Nc6 5. Nxc6 bxc6 6. c4 Nf6 7. Bd3 d5 8. cxd5 cxd5 9. exd5 Bb4+ 10. Bd2 Bxd2+ 11. Qxd2 Qxd5 12. Nc3 Qe5+ 13. Qe2 Qxe2+ 14. Bxe2 0-0 15. 0-0 Bb7 16. Rfd1 Rfd8 17. Nb5 Nd5 18. Bf3 a6 19. Bxd5 Rxd5 20. Rxd5 exd5 21. Nd6 Bc6 22. Rc1 Bd7 23. Rc7 Be6 24. Kf1 Rb8 25. b3 g6 26. Ke2 Rb6 27. Nc8 Rb5 28. Na7 Ra5 29. a4 d4 30. Nc6 Rh5 31. Nxd4 Re5+ 32. Kd2 Rd5 33. Kc3 Re5 34. Re7 a5 35. Nxe6 fxe6 36. b4 axb4+ 37. Kxb4 Re2 38. a5 Rxf2 39. a6 Rxg2 40. a7 Ra2 41. Re8+ Kf7 42. a8Q 1-0

[Event "Rewal op-B 16th"]
[Site "Rewal"]
[Date "2011.08.19"]
[Round "1"]
[White "Gonsior, Monika"]
[Black "Duda, Ryszard"]
[Result "1-0"]
[WhiteElo "2059"]
[BlackElo "1760"]
[PlyCount "65"]
[EventDate "2011.08.18"]
[EventType "swiss"]
[EventRounds "9"]
[EventCountry "POL"]
[SourceTitle "CBM 144 Extra"]
[Source "ChessBase"]
[SourceDate "2011.10.28"]
[SourceVersion "1"]
[SourceVersionDate "2011.10.28"]
[SourceQuality "1"]

1. d4 Nf6 2. Bf4 e6 3. e3 d5 4. Bd3 Be7 5. Nd2 0-0 6. Qe2 c5 7. c3 Nc6 8. h3 a6 9. Ngf3 b5 10. a3 Bb7 11. g4 cxd4 12. exd4 Bd6 13. Bxd6 Qxd6 14. Ne5 g6 15. h4 Nd7 16. Nxd7 Qxd7 17. 0-0-0 Na5 18. f4 Nc4 19. Nb3 Qd6 20. Qh2 Bc6 21. h5 Qe7 22. hxg6 fxg6 23. Bxg6 hxg6 24. Qh8+ Kf7 25. Rh7+ Ke8 26. Rxe7+ Kxe7 27. Qg7+ Kd6 28. Qxg6 Rxf4 29. Nc5 Bd7 30. Re1 Re8 31. Qg7 Bc8 32. b3 Nb6 33. Qe5+ 1-0